| 000 | 00503nam a22001817a 4500 | ||
|---|---|---|---|
| 003 | NUST | ||
| 005 | 20260415103310.0 | ||
| 008 | 260415b ||||| |||| 00| 0 eng d | ||
| 020 | _a0-679394041 | ||
| 082 |
_a550 _bPLU |
||
| 100 |
_a Charles Carlos Plummer, Diane Carlson. _9134125 |
||
| 245 |
_aPhysical Geology / _c Charles Carlos Plummer, Diane Carlson. |
||
| 250 | _a8th Edition | ||
| 260 |
_aUSA: _bMcGraw Hill, _c1996. |
||
| 300 |
_a577 p ; _c35.00 cm |
||
| 563 | _aHardcover | ||
| 942 |
_2ddc _cBK |
||
| 999 |
_c617067 _d617067 |
||